00403nam a2200133Ia 4500008004100000020001200041041000800053082000800061100003800069245004900107260003300156300001400189700006600203220530s9999 xx 000 0 und d a9757554 aeng bPAC aPachauri, R.K. ( Editor in Chief) aJournals of Resources Energy and Development aNew Delhi bTERI Pressc2010 a164P.bHB a Sengupta Roshni ( Associate Editor) Kumar Nandini ( Editor)